| 000 | 00625nam a2200169 a 4500 | ||
|---|---|---|---|
| 001 | 000036168 | ||
| 005 | 20200930074927.0 | ||
| 008 | 120110s2011 dr cd r 000 0 spa d | ||
| 020 | _a9789945872590 | ||
| 040 |
_aDO-SdBNP _bspa _cBNPHU |
||
| 082 |
_axxxx _bxxxx |
||
| 110 | 1 |
_aRepública Dominicana. _bDespacho de la Primera Dama _91327 |
|
| 245 | 1 | 0 |
_aMemoria biblioteca infantil y juvenil República Dominicana : _b2do. Aniversario mayo 2010- mayo 2011. |
| 260 |
_aSanto Domingo : _bBiblioteca Infantil y Juvenil República Dominicana, _c2011. |
||
| 300 |
_a95 p. : _bgráf., retr. ; _c33 cm. |
||
| 590 | _aInventariado, 2019/BT | ||
| 999 |
_c35659 _d35659 |
||